000 00429nam a2200157Ia 4500
008 100122s9999 xx 000 0 und d
082 _b63081
_aBM821
100 _aPURI MINNU
245 _aMY FAVOURITE NURSERY RHYMES PART I & II
250 _a0
260 _bTATA DONNELLEY
_c2002
300 _a80
630 _aMY FAVOURITE NURSERY RHYMES PART I & II
730 _aMY FAVOURITE NURSERY RHYMES PART I & II
942 _cBOOK
999 _c378927
_d378924